000 00269nam a2200097Ia 4500
001 1299352
005 20260417170343.0
008 260417s9999 xx 000 0 und d
245 0 _aERDEMLER-2 ARKADAŞLARIMI SEVİYORUM
_cNecla SAYDAM
260 _bTİMAŞ ÇOCUK YAYINLARI
999 _c1299352
_d1299352